000 00646nam a2200229Ia 4500
003 OSt
005 20220918202402.0
006 a|||||r|||| 00| 0
007 ta
008 220917b |||||||| |||| 00| 0 eng d
024 _a100,839
037 _cTextual
040 _aARTS
_cARTS
_beng
041 _2eng
_aeng
082 _aV21.A, 111M2 (MIL)
100 _aIyengar P T Srinivas
_9103489
245 0 _aHistory of the Tamils
_b from the earlest to 600 A
260 _aN.D
_bEducation Services
_c1982
650 _aHISTORY
942 _hV21.A, 111M2 (MIL)
_cTEXL
_2CC
999 _c224357
_d224357